000
00284nam a22001097a 4500
082
_a
355.02 KHA'O
100
_a
KHAN, MUHAMMAD AKBAR
_9
79356
245
_a
ON WAR THE ISLAMIC POLICY GRAND STRATEGY AND DIPLOMACY
260
_a
KARACHI
_b
ISLAMIC MSA
_c
1969
300
_a
418P
942
_c
BK
999
_c
584399
_d
584399